• 首页
  • 本馆介绍
  • 公告通知
  • 最新文献
  • 馆藏检索
  • 电子资源
  • 读者导购
  • 参考咨询
  • 我的图书馆
  • 登录
  • 详细信息显示
  • 放入我的书架
  • 预约/预借图书
  • 作者相关作品
  • 分类相关作品
  • 丛书相关作品
  • 出版社相关作品

书目信息

  • 表格格式
  • 工作单格式
  • 卡片格式
题名:
随机振动实验技术
    
 
作者: 黄诗亮 编著
分册:  
出版信息: 北京   清华大学出版社  1984
页数: 243页
开本: 25cm
丛书名:
单 册:
中图分类: O324
科图分类:
主题词: 随机振动--实验方法 , 振动理论
电子资源:
ISBN:
000 00667nam0 2200253 45
001 0184002652
005 20040518100711.5
010    @dCNY2.10
091    @a15235.102.
100    @a19950627d1984 em y0chiy0121 ea
101 0  @achi
102    @aCN@b110000
105    @ay z 000yy
106    @ar
200 10 @a随机振动实验技术@Asui ji zhen dong shi yan ji shu@f黄诗亮编著
210    @a北京@c清华大学出版社@d1984
215    @a243页@d25cm
606    @a随机振动@x实验方法
606 0  @a振动理论
690    @aO324
701  0 @a黄诗亮@Ahuang shi liang@4编著
801  0 @aCN@b上海图书馆@c20040518
801  2 @aCN@bNLC@c20040518
905    @f2@b124156-157@dO324@e8
    
    随机振动实验技术/黄诗亮编著.-北京:清华大学出版社,1984
    243页;25cm
    
    
    ISBN :CNY2.10
    
●
相关链接 在E读中查询图书 在五车中查询图书 在当当中查询图书 在豆瓣中查询图书


正题名:随机振动实验技术     索取号:O324/8         预约/预借

序号 登录号 条形码 馆藏地/架位号 状态 备注
1 0124156   000384168   第三借阅区/ [索取号:O324/8] 在馆    
2 0124157   000384159   第三借阅区/ [索取号:O324/8] 在馆    
3 0124158   202098096   第二样本阅览室/ [索取号:O324/8] 在馆    
唐山师范学院图书馆 欢迎您!
大连网信软件有限公司© 版权所有